000
00294nam a2200157Ia 4500
100
_a
Jaffe/ Hilbert
650
_a
General
942
_c
BK
654
_a
GMAT
245
_a
GMAT
260
_b
Galgotia
_c
1987
082
_a
658
_b
JAF/HIL
300
_a
538
546
_a
ENGLISH
999
_c
29174
_d
29174